[Event "Chess24 Banter Blitz Cup"]
[Site "chess24.com INT"]
[Date "2019.12.17"]
[Round "1.7"]
[White "Nielsen, Peter Heine"]
[Black "Shimanov, Aleksandr"]
[Result "1-0"]
[WhiteTitle "GM"]
[BlackTitle "GM"]
[WhiteElo "2617"]
[BlackElo "2587"]
[WhiteFideId "1400355"]
[BlackFideId "4198603"]
[EventDate "2019.09.25"]
[EventType "blitz"]

1. c4 c5 2. g3 Nf6 3. Bg2 Nc6 4. Nc3 g6 5. Nf3 d5 6. cxd5 Nxd5 7. h4 Bg7 8. h5
Bf5 9. h6 Bf6 10. Nh4 Nxc3 11. bxc3 Bd7 12. Rb1 Rb8 13. Nf3 Bf5 14. Ra1 O-O 15.
O-O c4 16. Bb2 Qd7 17. Rc1 b5 18. Re1 Rfd8 19. d4 cxd3 20. exd3 Bxd3 21. Nd4
Nxd4 22. cxd4 Bc4 23. Qd2 Bxa2 24. d5 Bxd5 25. Bxf6 exf6 26. Bxd5 b4 27. Qb2 Rb6
28. Bb3 Qh3 29. Qd4 Rf8 30. Qe3 g5 31. Rc7 Qxh6 32. Rxa7 Qg6 33. Qxb6 1-0

[Event "Chess24 Banter Blitz Cup"]
[Site "chess24.com INT"]
[Date "2019.12.17"]
[Round "1.8"]
[White "Shimanov, Aleksandr"]
[Black "Nielsen, Peter Heine"]
[Result "1-0"]
[WhiteTitle "GM"]
[BlackTitle "GM"]
[WhiteElo "2587"]
[BlackElo "2617"]
[WhiteFideId "4198603"]
[BlackFideId "1400355"]
[EventDate "2019.09.25"]
[EventType "blitz"]

1. Nf3 f5 2. d3 Nc6 3. d4 d5 4. Bf4 e6 5. e3 Bd6 6. Bb5 Bd7 7. Bxc6 Bxc6 8. O-O
Nf6 9. Nbd2 O-O 10. c4 Bxf4 11. exf4 dxc4 12. Nxc4 Bxf3 13. Qxf3 Qxd4 14. b3 Qd5
15. Qe3 Rfd8 16. h3 Qe4 17. Rfe1 Qxe3 18. Rxe3 Nd5 19. Rxe6 Rd7 20. g3 Rad8 21.
Rae1 Nf6 22. Kg2 Ne4 23. g4 Nf6 24. gxf5 Kf8 25. Kf3 Rd1 26. R1e2 R1d3+ 27. R6e3
R3d5 28. Ne5 c6 29. Rc2 Rd2 30. Re2 Rxc2 31. Rxc2 Rd4 32. Rc4 Rd2 33. Ra4 a6 34.
Rb4 b5 35. Nxc6 Rxa2 36. Rd4 Ra3 37. Rd3 a5 38. Ke3 a4 39. bxa4 Rxa4 40. Ne5 b4
41. Kd2 Ra2+ 42. Kc1 Rxf2 43. Rd4 b3 44. Rb4 Nd5 45. Rxb3 Nxf4 46. Rb7 Nxh3 47.
Rf7+ Ke8 48. Rxg7 Rxf5 49. Ng4 h5 50. Ne3 Re5 51. Kd2 Nf4 52. Nc4 Rd5+ 53. Kc3
Rc5 54. Kb4 1-0

[Event "Chess24 Banter Blitz Cup"]
[Site "chess24.com INT"]
[Date "2019.12.17"]
[Round "1.9"]
[White "Nielsen, Peter Heine"]
[Black "Shimanov, Aleksandr"]
[Result "0-1"]
[WhiteTitle "GM"]
[BlackTitle "GM"]
[WhiteElo "2617"]
[BlackElo "2587"]
[WhiteFideId "1400355"]
[BlackFideId "4198603"]
[EventDate "2019.09.25"]
[EventType "blitz"]

1. d4 d5 2. c4 c6 3. Nf3 Nf6 4. Nc3 a6 5. e3 b5 6. c5 Nbd7 7. Bd2 a5 8. Be2 g6
9. Nxb5 cxb5 10. Bxb5 Qc7 11. O-O Bg7 12. a4 O-O 13. b4 axb4 14. Bxb4 Ne4 15.
Qb3 e6 16. c6 Nb8 17. Bxf8 Bxf8 18. Rfc1 Na6 19. Ne5 Rb8 20. Nd7 Ra8 21. a5 Bd6
22. h3 Bh2+ 0-1

[Event "Chess24 Banter Blitz Cup"]
[Site "chess24.com INT"]
[Date "2019.12.17"]
[Round "1.10"]
[White "Shimanov, Aleksandr"]
[Black "Nielsen, Peter Heine"]
[Result "0-1"]
[WhiteTitle "GM"]
[BlackTitle "GM"]
[WhiteElo "2587"]
[BlackElo "2617"]
[WhiteFideId "4198603"]
[BlackFideId "1400355"]
[EventDate "2019.09.25"]
[EventType "blitz"]

1. b3 e5 2. Bb2 Nc6 3. e3 Nf6 4. Nf3 Bd6 5. Bb5 Qe7 6. Bxc6 dxc6 7. d3 O-O 8. e4
Nh5 9. Nbd2 Nf4 10. g3 Ng2+ 11. Kf1 Bh3 12. Kg1 f5 13. Qe2 Rf7 14. exf5 Rxf5 15.
Ne4 Raf8 16. Nfd2 Nf4 17. gxf4 Rxf4 18. f3 Bc5+ 19. Nxc5 Qxc5+ 20. Qf2 Rg4+ 21.
fxg4 Qxf2# 0-1

[Event "Chess24 Banter Blitz Cup"]
[Site "chess24.com INT"]
[Date "2019.12.17"]
[Round "1.11"]
[White "Nielsen, Peter Heine"]
[Black "Shimanov, Aleksandr"]
[Result "0-1"]
[WhiteTitle "GM"]
[BlackTitle "GM"]
[WhiteElo "2617"]
[BlackElo "2587"]
[WhiteFideId "1400355"]
[BlackFideId "4198603"]
[EventDate "2019.09.25"]
[EventType "blitz"]

1. c4 e6 2. g3 d5 3. Nf3 Nf6 4. Bg2 Be7 5. O-O O-O 6. d3 Nc6 7. Bf4 h6 8. Nc3 a6
9. cxd5 exd5 10. Ne5 Nxe5 11. Bxe5 c6 12. Qb3 Nd7 13. Bf4 Nc5 14. Qc2 Ne6 15.
Bd2 b5 16. Rfc1 Bb7 17. Qd1 c5 18. e3 Qd7 19. Ne2 Rac8 20. b3 d4 21. Bxb7 Qxb7
22. exd4 cxd4 23. Rxc8 Rxc8 24. Rc1 Re8 25. h4 Ba3 26. Rb1 Bd6 27. Rc1 Qf3 28.
Nf4 Qxd1+ 29. Rxd1 Bxf4 30. gxf4 Rc8 31. f5 Nd8 32. Re1 Nc6 33. Kg2 Kf8 34. Kg3
h5 35. Kf4 Rd8 36. Kg5 Rd5 37. Kf4 Rc5 38. a4 b4 39. Kg5 a5 40. Kxh5 Rxf5+ 41.
Kg4 Rxf2 42. Bf4 f6 43. Kf5 Kf7 44. h5 Ne7+ 45. Kg4 Nd5 46. Be5 fxe5 0-1

[Event "Chess24 Banter Blitz Cup"]
[Site "chess24.com INT"]
[Date "2019.12.17"]
[Round "2.2"]
[White "Svidler, Peter"]
[Black "Gozzoli, Yannick"]
[Result "0-1"]
[WhiteTitle "GM"]
[BlackTitle "GM"]
[WhiteElo "2729"]
[BlackElo "2604"]
[WhiteFideId "4102142"]
[BlackFideId "616915"]
[EventDate "2019.09.25"]
[EventType "blitz"]

1. e4 e5 2. Nf3 Nc6 3. Bb5 a6 4. Ba4 Nf6 5. O-O Be7 6. d3 d6 7. c4 O-O 8. h3 Nd4
9. Nxd4 exd4 10. Nd2 Rb8 11. Bc2 b5 12. b3 c5 13. f4 Nd7 14. Nf3 Bb7 15. f5 Ne5
16. Bf4 Nxf3+ 17. Qxf3 Bg5 18. Bxg5 Qxg5 19. f6 g6 20. Qf4 Qxf4 21. Rxf4 bxc4
22. bxc4 Bc6 23. Bb3 a5 24. Rf2 a4 25. Bd1 Rb7 26. Bf3 Rfb8 27. Re1 Rb1 28. Re2
Rxe1+ 29. Rxe1 Kf8 30. Kf2 Rb2+ 31. Re2 a3 32. Ke1 Ba4 33. e5 Rxe2+ 34. Bxe2
dxe5 35. Bd1 Bxd1 36. Kxd1 Ke8 37. Ke2 Kd7 38. g4 h6 0-1

[Event "Chess24 Banter Blitz Cup"]
[Site "chess24.com INT"]
[Date "2019.12.19"]
[Round "2.1"]
[White "Sjugirov, Sanan"]
[Black "Perez Ponsa, Federico"]
[Result "1-0"]
[WhiteTitle "GM"]
[BlackTitle "GM"]
[WhiteElo "2662"]
[BlackElo "2564"]
[WhiteFideId "4189302"]
[BlackFideId "117927"]
[EventDate "2019.09.25"]
[EventType "blitz"]

1. d4 Nf6 2. c4 e6 3. Nf3 d5 4. Nc3 dxc4 5. e4 b5 6. e5 Nd5 7. Nxb5 Nb6 8. Be2
Be7 9. O-O Bb7 10. Be3 O-O 11. Rc1 N8d7 12. Nc3 c5 13. Qc2 cxd4 14. Bxd4 Bc5 15.
Bxc5 Nxc5 16. Rfd1 Qe7 17. Nb5 Be4 18. Qc3 Bd3 19. Bxd3 Nxd3 20. Rb1 Rac8 21.
Nd6 Rc6 22. Rxd3 Nd5 23. Qc1 f6 24. Rd1 fxe5 25. Nxc4 Nf4 26. Qc2 Qf6 27. Qe4
Rxc4 28. Qxc4 Nxg2 29. Qe4 Nf4 30. Rd2 Qh6 31. Rbd1 Qh3 32. Nxe5 Nd5 33. Qg4 Qh6
34. Kh1 Nf4 35. Rd8 Qf6 36. Rxf8+ Qxf8 37. Nc6 h5 38. Qg5 e5 39. Rd8 Ne6 40.
Rxf8+ Kxf8 41. Qxe5 Kf7 42. Qf5+ 1-0

[Event "Chess24 Banter Blitz Cup"]
[Site "chess24.com INT"]
[Date "2019.12.19"]
[Round "2.2"]
[White "Perez Ponsa, Federico"]
[Black "Sjugirov, Sanan"]
[Result "0-1"]
[WhiteTitle "GM"]
[BlackTitle "GM"]
[WhiteElo "2564"]
[BlackElo "2662"]
[WhiteFideId "117927"]
[BlackFideId "4189302"]
[EventDate "2019.09.25"]
[EventType "blitz"]

1. d4 Nf6 2. Nf3 e6 3. Bf4 c5 4. e3 cxd4 5. exd4 b6 6. Bd3 Bb7 7. O-O Be7 8. h3
O-O 9. Re1 d6 10. a4 a6 11. Nbd2 Nbd7 12. Nc4 Qc7 13. Ne3 Rfe8 14. Bh2 Bf8 15.
c3 Bc6 16. Nd2 g6 17. Ndc4 Nd5 18. Nxd5 Bxd5 19. Ne3 Bb7 20. Qd2 Nf6 21. Ng4
Nxg4 22. hxg4 Qd7 23. g5 b5 24. axb5 axb5 25. Qe2 Bc6 26. Bf4 Qb7 27. f3 b4 28.
c4 Bg7 29. Be3 b3 30. Qf2 Ra2 31. Rab1 Rea8 32. Bd2 Qa6 33. Bc3 d5 34. Qe2 Qc8
35. c5 Qd8 36. Qe3 R2a4 37. Bf1 Qb8 38. f4 Bb5 39. Rbd1 Bxf1 40. Kxf1 Qb5+ 41.
Kg1 Rc4 42. Ra1 Ra2 43. Rab1 Qa4 44. Red1 Qc6 45. Kh2 Raa4 46. Rd2 Qa6 47. Kh3
Ra1 48. Rdd1 Rxb1 49. Rxb1 Qa4 50. Rd1 h5 51. g4 hxg4+ 52. Kxg4 Qa6 53. Qg1 Ra4
54. Qf1 Qc8 55. Kg3 Rc4 56. Qd3 Qa6 57. Rd2 Qa1 58. Rd1 Qa4 59. Kf3 Qa6 60. Qf1
Qa4 61. Ra1 Qc6 62. Ra7 Bxd4 63. Bxd4 Rxd4 64. Qa1 Rd3+ 65. Kg4 d4 66. Ra8+ Kg7
67. Qf1 Qe4 68. c6 Qe3 69. Qg2 Rd2 70. Qh3 Qe2+ 71. Kh4 Qf2+ 72. Qg3 Qf1 73. Kg4
Qd1+ 74. Kh4 Qh1+ 75. Kg4 Rg2 76. c7 Qg1 77. Qxg2 Qxg2+ 78. Kh4 Qh2+ 79. Kg4
Qg2+ 80. Kh4 Qf2+ 81. Kg4 d3 0-1

[Event "Chess24 Banter Blitz Cup"]
[Site "chess24.com INT"]
[Date "2019.12.19"]
[Round "2.3"]
[White "Sjugirov, Sanan"]
[Black "Perez Ponsa, Federico"]
[Result "0-1"]
[WhiteTitle "GM"]
[BlackTitle "GM"]
[WhiteElo "2662"]
[BlackElo "2564"]
[WhiteFideId "4189302"]
[BlackFideId "117927"]
[EventDate "2019.09.25"]
[EventType "blitz"]

1. d4 Nf6 2. c4 g6 3. Nc3 Bg7 4. e4 d6 5. f3 O-O 6. Nge2 c5 7. d5 e6 8. Ng3 exd5
9. cxd5 h5 10. Be2 h4 11. Nf1 Nh7 12. Ne3 f5 13. exf5 gxf5 14. f4 Nd7 15. O-O a6
16. a4 Qe7 17. Kh1 Ndf6 18. Bd3 Ne4 19. Bxe4 fxe4 20. Bd2 Bd7 21. Qh5 b5 22.
axb5 axb5 23. Rxa8 Rxa8 24. Qg6 Nf6 25. f5 b4 26. Ne2 Bb5 27. Re1 Bxe2 28. Rxe2
Ra1+ 29. Re1 Rxe1+ 30. Bxe1 h3 31. Bh4 hxg2+ 32. Kxg2 Qe5 33. Bxf6 Qxf6 34. Qxf6
Bxf6 35. b3 Be5 36. h4 Kf7 37. Kh3 Bd4 38. Nc4 e3 39. Nxd6+ Kf8 0-1

[Event "Chess24 Banter Blitz Cup"]
[Site "chess24.com INT"]
[Date "2019.12.19"]
[Round "2.4"]
[White "Perez Ponsa, Federico"]
[Black "Sjugirov, Sanan"]
[Result "1/2-1/2"]
[WhiteTitle "GM"]
[BlackTitle "GM"]
[WhiteElo "2564"]
[BlackElo "2662"]
[WhiteFideId "117927"]
[BlackFideId "4189302"]
[EventDate "2019.09.25"]
[EventType "blitz"]

1. e4 c5 2. Nf3 d6 3. Bb5+ Nd7 4. c3 Nf6 5. Bd3 g6 6. O-O Bg7 7. Bc2 b5 8. d4
Bb7 9. Re1 O-O 10. e5 Nd5 11. e6 fxe6 12. Ng5 Nc7 13. Nxh7 Kxh7 14. Qh5+ Kg8 15.
Bxg6 Nf6 16. Qh4 e5 17. Nd2 Qd7 18. h3 exd4 19. Nf1 dxc3 20. Ng3 e6 21. bxc3
Ncd5 22. Bg5 Ne7 23. Bd3 Nf5 24. Nxf5 exf5 25. a4 a6 26. axb5 axb5 27. Rad1 Ne4
28. Bf4 Qc6 29. c4 Nc3 30. Qg3 Nxd1 31. cxb5 Qxg2+ 32. Qxg2 Bxg2 33. Kxg2 Nc3
34. Bxd6 Rfd8 35. Bc4+ Kh7 36. Bc7 Rd4 37. Be6 Kg6 38. b6 Raa4 39. b7 Rab4 40.
b8=Q Rxb8 41. Bxb8 Ne4 42. Bc8 Rd2 43. Bg3 Bd4 44. Kf3 Bxf2 45. Bxf2 Rxf2+ 46.
Ke3 Rg2 47. Rf1 Rg3+ 48. Rf3 Rxh3 49. Rxh3 Kg5 50. Rg3+ Kf6 51. Rf3 Ke5 52.
Rxf5+ Kd6 53. Rxc5 Nxc5 1/2-1/2

[Event "Chess24 Banter Blitz Cup"]
[Site "chess24.com INT"]
[Date "2019.12.19"]
[Round "2.5"]
[White "Sjugirov, Sanan"]
[Black "Perez Ponsa, Federico"]
[Result "1-0"]
[WhiteTitle "GM"]
[BlackTitle "GM"]
[WhiteElo "2662"]
[BlackElo "2564"]
[WhiteFideId "4189302"]
[BlackFideId "117927"]
[EventDate "2019.09.25"]
[EventType "blitz"]

1. d4 Nf6 2. c4 g6 3. Nc3 Bg7 4. e4 d6 5. h3 O-O 6. Be3 e5 7. d5 Na6 8. Nf3 Nc5
9. Nd2 a5 10. g4 Bd7 11. Be2 a4 12. h4 c6 13. h5 h6 14. g5 hxg5 15. Bxg5 Qb6 16.
Qc2 cxd5 17. Bxf6 Bxf6 18. Nxd5 Qd8 19. hxg6 fxg6 20. Rg1 Be8 21. Nf3 a3 22. b3
Ne6 23. O-O-O Bg7 24. Kb1 b5 25. cxb5 Nf4 26. Nxf4 Rxf4 27. Ng5 d5 28. Rxd5 Qb6
29. Bc4 Kf8 30. Rd2 Ke7 31. Ne6 Rf6 32. Nxg7 Bd7 33. Qc3 Qc5 34. Rxd7+ Kxd7 35.
Be6+ 1-0

[Event "Chess24 Banter Blitz Cup"]
[Site "chess24.com INT"]
[Date "2019.12.19"]
[Round "2.6"]
[White "Perez Ponsa, Federico"]
[Black "Sjugirov, Sanan"]
[Result "1-0"]
[WhiteTitle "GM"]
[BlackTitle "GM"]
[WhiteElo "2564"]
[BlackElo "2662"]
[WhiteFideId "117927"]
[BlackFideId "4189302"]
[EventDate "2019.09.25"]
[EventType "blitz"]

1. e4 e5 2. Nf3 Nc6 3. Bc4 Bc5 4. c3 Nf6 5. d3 O-O 6. O-O d5 7. exd5 Nxd5 8. Re1
Bg4 9. Nbd2 Nb6 10. h3 Bh5 11. Bb3 Qxd3 12. Nxe5 Qf5 13. Nef3 Bg6 14. Ne4 Rad8
15. Qe2 Be7 16. Bg5 Bxg5 17. Nexg5 Kh8 18. Rac1 h6 19. Bc2 Qf6 20. Ne4 Qe7 21.
Qb5 Rd5 22. Qf1 Rfd8 23. Ng3 Qd6 24. Bxg6 Qxg6 25. Qe2 R5d6 26. Qe4 Qxe4 27.
Nxe4 Rd5 28. Kf1 Nc4 29. b3 N4e5 30. Nxe5 Nxe5 31. c4 Ra5 32. Rc2 Kg8 33. Nc3 f6
34. f4 Ng6 35. g3 c6 36. Rce2 Kf7 37. h4 h5 38. Kf2 b5 39. cxb5 cxb5 40. Ne4 Ra6
41. Rc1 Re6 42. Rc7+ Re7 43. Rxe7+ Nxe7 44. Rc2 Nf5 45. Rc7+ Kg6 46. Rxa7 Rc8
47. Rb7 Rc2+ 48. Kf3 Rxa2 49. Nc5 Rc2 50. Ne6 Rc3+ 51. Ke2 Nxg3+ 52. Kd2 Rxb3
53. Nf8+ Kf5 54. Rc7 Kxf4 55. Ne6+ Ke5 56. Nc5 Ne4+ 57. Nxe4 Kxe4 58. Re7+ Kf4
59. Rxg7 Rf3 60. Kc2 Rg3 61. Rh7 Rg4 62. Rh8 f5 63. Rc8 Kg3 64. Rb8 f4 65. Kd3
Kxh4 66. Ke2 f3+ 67. Kf2 Rg3 68. Rxb5 Kh3 69. Rb4 Rg2+ 70. Kxf3 Rg3+ 71. Kf2 h4
72. Rb3 Kh2 73. Rb2 Rg2+ 74. Kf1 1-0

[Event "Chess24 Banter Blitz Cup"]
[Site "chess24.com INT"]
[Date "2019.12.19"]
[Round "2.7"]
[White "Sjugirov, Sanan"]
[Black "Perez Ponsa, Federico"]
[Result "1-0"]
[WhiteTitle "GM"]
[BlackTitle "GM"]
[WhiteElo "2662"]
[BlackElo "2564"]
[WhiteFideId "4189302"]
[BlackFideId "117927"]
[EventDate "2019.09.25"]
[EventType "blitz"]

1. d4 Nf6 2. c4 e6 3. Nf3 d5 4. Nc3 dxc4 5. e4 b5 6. e5 Nd5 7. Nxb5 Nb6 8. Be2
Be7 9. O-O Nc6 10. Be3 O-O 11. Rc1 Rb8 12. Nc3 Nb4 13. a3 N4d5 14. Qd2 Nxc3 15.
Rxc3 Ba6 16. Rc2 Qd7 17. Qa5 Qb5 18. Qxb5 Bxb5 19. Nd2 Rfd8 20. Nxc4 Nd5 21. Na5
Ba4 22. Rd2 Rb6 23. b4 Nxe3 24. fxe3 c5 25. Nc4 Rbb8 26. dxc5 Bg5 27. Kf2 Bb3
28. Rxd8+ Rxd8 29. Nd6 g6 30. Rc1 1-0

[Event "Chess24 Banter Blitz Cup"]
[Site "chess24.com INT"]
[Date "2019.12.19"]
[Round "2.8"]
[White "Perez Ponsa, Federico"]
[Black "Sjugirov, Sanan"]
[Result "0-1"]
[WhiteTitle "GM"]
[BlackTitle "GM"]
[WhiteElo "2564"]
[BlackElo "2662"]
[WhiteFideId "117927"]
[BlackFideId "4189302"]
[EventDate "2019.09.25"]
[EventType "blitz"]

1. e4 c5 2. Nf3 d6 3. Bb5+ Bd7 4. Bxd7+ Nxd7 5. O-O Ngf6 6. Qe2 Rc8 7. c4 g6 8.
Nc3 Bg7 9. d3 O-O 10. h3 a6 11. a4 Nb8 12. Be3 Nc6 13. Qd2 Nd7 14. b3 Nd4 15.
Bxd4 cxd4 16. Ne2 e5 17. b4 f5 18. Ng3 a5 19. c5 dxc5 20. bxa5 c4 21. dxc4 Nc5
22. exf5 gxf5 23. Rab1 e4 24. Nh2 Qh4 25. Rb5 f4 26. Rxc5 Rxc5 27. Nxe4 Rc6 28.
Nf3 Qe7 29. Qd3 h6 30. Rb1 Re6 31. Nfd2 f3 32. gxf3 Be5 33. Kf1 Kh8 34. Rb5 Rd8
35. Ke2 Bf4 36. Nb3 Re5 37. Rb6 Qa3 38. Rxh6+ Bxh6 39. Kf1 Qb2 40. f4 Bxf4 41.
Qf3 Qb1+ 42. Kg2 Qxe4 0-1

[Event "Chess24 Banter Blitz Cup"]
[Site "chess24.com INT"]
[Date "2019.12.19"]
[Round "2.9"]
[White "Sjugirov, Sanan"]
[Black "Perez Ponsa, Federico"]
[Result "1-0"]
[WhiteTitle "GM"]
[BlackTitle "GM"]
[WhiteElo "2662"]
[BlackElo "2564"]
[WhiteFideId "4189302"]
[BlackFideId "117927"]
[EventDate "2019.09.25"]
[EventType "blitz"]

1. d4 Nf6 2. c4 g6 3. Nc3 Bg7 4. e4 d6 5. h3 e5 6. d5 Nbd7 7. Be3 Nc5 8. Qc2 O-O
9. Nf3 Ncxe4 10. Nxe4 Nxe4 11. Qxe4 f5 12. Qc2 f4 13. Bd2 e4 14. Nh2 e3 15. Bc3
Bf5 16. Bd3 exf2+ 17. Kxf2 Qh4+ 18. Kg1 Bxd3 19. Qxd3 Rae8 20. Nf3 Qh5 21. Bxg7
Kxg7 22. Kf2 Re3 23. Qd4+ Kh6 24. Rae1 1-0

[Event "Chess24 Banter Blitz Cup"]
[Site "chess24.com INT"]
[Date "2019.12.19"]
[Round "2.10"]
[White "Perez Ponsa, Federico"]
[Black "Sjugirov, Sanan"]
[Result "0-1"]
[WhiteTitle "GM"]
[BlackTitle "GM"]
[WhiteElo "2564"]
[BlackElo "2662"]
[WhiteFideId "117927"]
[BlackFideId "4189302"]
[EventDate "2019.09.25"]
[EventType "blitz"]

1. e4 c5 2. Nc3 d6 3. d4 cxd4 4. Qxd4 Nf6 5. b3 e5 6. Qd2 Be7 7. Bb2 O-O 8.
O-O-O a6 9. Kb1 b5 10. f3 Be6 11. g4 b4 12. Nd5 Nxd5 13. exd5 Bd7 14. Qxb4 Qc7
15. Bd3 a5 16. Qe4 f5 17. gxf5 Bxf5 18. Qe2 a4 19. Bxf5 Rxf5 20. Qd3 Rf7 21. Ne2
Nd7 22. f4 Qa7 23. b4 a3 24. Bc3 Bf6 25. Rhg1 Rb8 26. Ka1 exf4 27. Nxf4 Ne5 28.
Qh3 Qc7 29. Nh5 Bd8 30. Bxe5 dxe5 31. d6 Qc4 32. Nxg7 Rxg7 33. Rxg7+ Kxg7 34.
Rg1+ Kh8 35. Qg3 Bf6 36. Qf3 Qd4+ 0-1

[Event "Chess24 Banter Blitz Cup"]
[Site "chess24.com INT"]
[Date "2019.12.19"]
[Round "2.11"]
[White "Sjugirov, Sanan"]
[Black "Perez Ponsa, Federico"]
[Result "1-0"]
[WhiteTitle "GM"]
[BlackTitle "GM"]
[WhiteElo "2662"]
[BlackElo "2564"]
[WhiteFideId "4189302"]
[BlackFideId "117927"]
[EventDate "2019.09.25"]
[EventType "blitz"]

1. d4 Nf6 2. c4 g6 3. Nc3 Bg7 4. e4 d6 5. h3 e5 6. d5 Nbd7 7. Be3 Nc5 8. Qc2 O-O
9. Nf3 Bd7 10. g4 c6 11. Nd2 cxd5 12. cxd5 Rc8 13. Be2 b5 14. a3 a5 15. Qb1 b4
16. axb4 axb4 17. Nd1 Ne8 18. f3 Bh6 19. Bxh6 Qh4+ 20. Nf2 Qxh6 21. Qd1 f5 22.
gxf5 gxf5 23. exf5 Nf6 24. Nc4 Nh5 25. Qd2 Nf4 26. Ra7 Bxf5 27. h4 Nb3 28. Qxb4
Nd4 29. Bd1 Rxc4 30. Rg1+ Ng6 31. Qxc4 Qe3+ 32. Kf1 Kh8 33. Qc3 Qf4 34. Qc7 Qh6
35. Qxd6 e4 36. Rxg6 hxg6 37. Qe5+ Kg8 38. Qxd4 exf3 39. d6 g5 40. Bb3+ Be6 41.
Bxe6+ Qxe6 42. Qg7# 1-0

[Event "Chess24 Banter Blitz Cup"]
[Site "chess24.com INT"]
[Date "2019.12.20"]
[Round "2.1"]
[White "Hammer, Jon Ludvig"]
[Black "Movsesian, Sergei"]
[Result "1-0"]
[WhiteTitle "GM"]
[BlackTitle "GM"]
[WhiteElo "2635"]
[BlackElo "2654"]
[WhiteFideId "1503707"]
[BlackFideId "310204"]
[EventDate "2019.09.25"]
[EventType "blitz"]

1. e4 c5 2. Nf3 e6 3. g3 Nc6 4. Bg2 Nf6 5. Nc3 d6 6. O-O Be7 7. Re1 O-O 8. d4
cxd4 9. Nxd4 Bd7 10. Nxc6 Bxc6 11. Be3 a6 12. a4 Qc7 13. a5 Nd7 14. Qd2 Rac8 15.
f4 Rfd8 16. g4 Bf8 17. g5 Qb8 18. Qf2 Nc5 19. h4 Re8 20. h5 Qc7 21. Bxc5 dxc5
22. e5 c4 23. Bxc6 Qxc6 24. Qg2 Qxg2+ 25. Kxg2 Red8 26. Red1 Bb4 27. Rxd8+ Rxd8
28. Ne4 Rd5 29. Ra4 Rb5 30. c3 Bxa5 31. Rxc4 Rxb2+ 32. Kf3 Kf8 33. Rc8+ Ke7 34.
Rg8 Rb3 35. Rxg7 Bxc3 36. Kg2 Bd2 37. Nd6 Kd7 38. Rxf7+ Kc6 39. h6 Be1 40. g6
Rg3+ 41. Kf1 Rxg6 42. Kxe1 Rxh6 43. Rxb7 Rh4 44. Rf7 a5 45. Kf2 a4 46. Kg3 Rh1
47. Ra7 Ra1 48. Kg4 a3 49. Kg5 a2 50. Kf6 h5 51. Kxe6 h4 52. Ne4 h3 53. f5 h2
54. Ng3 Kb6 55. Ra3 Kb5 56. f6 Kb4 57. Ra8 Kb3 58. f7 Rf1 59. Nxf1 h1=Q 60. f8=Q
Qc6+ 61. Kf5 Qf3+ 62. Ke6 Qc6+ 63. Ke7 Qc7+ 64. Kf6 Qc6+ 65. e6 1-0

[Event "Chess24 Banter Blitz Cup"]
[Site "chess24.com INT"]
[Date "2019.12.20"]
[Round "2.2"]
[White "Movsesian, Sergei"]
[Black "Hammer, Jon Ludvig"]
[Result "0-1"]
[WhiteTitle "GM"]
[BlackTitle "GM"]
[WhiteElo "2654"]
[BlackElo "2635"]
[WhiteFideId "310204"]
[BlackFideId "1503707"]
[EventDate "2019.09.25"]
[EventType "blitz"]

1. e4 e5 2. Nf3 Nc6 3. g3 Nf6 4. d3 d5 5. exd5 Nxd5 6. Bg2 g6 7. O-O Bg7 8. Re1
O-O 9. Nbd2 h6 10. Nc4 Re8 11. a4 a5 12. c3 b6 13. Qb3 Bb7 14. Bd2 Qd7 15. Rad1
Rad8 16. Bc1 Ba8 17. h4 Kh7 18. h5 g5 19. Qc2 Kg8 20. Nfd2 f5 21. Nf1 f4 22.
Nfd2 Nf6 23. Ne4 Nxh5 24. Qe2 Nf6 25. Nxf6+ Bxf6 26. Qh5 Kg7 27. Be4 Qf7 28. Qf3
Re6 29. Kg2 h5 30. g4 h4 31. Kh3 Qe8 32. b3 Bb7 33. Ba3 Be7 34. Bxe7 Qxe7 35.
Qe2 Qe8 36. Bf5 Re7 37. f3 Ba8 38. Be4 Qf7 39. Qf2 Qf6 40. Re2 Na7 41. Bxa8 Rxa8
42. d4 Nc6 43. d5 Nd8 44. d6 cxd6 45. Rxd6 Re6 46. Rd7+ Kf8 47. Red2 e4 48. fxe4
Nf7 49. R2d5 Rae8 50. Qf3 Rxe4 51. Rf5 Qxf5 52. gxf5 Re3 53. Nxe3 Rxe3 54. Qxe3
fxe3 55. Rd3 Nh6 56. Rxe3 g4+ 57. Kg2 Kf7 58. Re4 Nxf5 59. Rxg4 Ne3+ 60. Kh3
Nxg4 61. Kxg4 Ke6 62. Kxh4 Ke5 63. Kg4 Ke4 64. b4 Kd3 65. bxa5 bxa5 66. Kf3 Kxc3
67. Ke3 Kb3 68. Kd2 Kb2 69. Kd3 Kb3 70. Kd2 Kxa4 71. Kc2 Ka3 72. Kb1 Kb3 73. Ka1
Kb4 74. Kb1 a4 0-1

[Event "Chess24 Banter Blitz Cup"]
[Site "chess24.com INT"]
[Date "2019.12.20"]
[Round "2.3"]
[White "Hammer, Jon Ludvig"]
[Black "Movsesian, Sergei"]
[Result "1-0"]
[WhiteTitle "GM"]
[BlackTitle "GM"]
[WhiteElo "2635"]
[BlackElo "2654"]
[WhiteFideId "1503707"]
[BlackFideId "310204"]
[EventDate "2019.09.25"]
[EventType "blitz"]

1. e4 c5 2. Nf3 e6 3. g3 Nc6 4. Bg2 Nf6 5. Nc3 d6 6. O-O Be7 7. d4 cxd4 8. Nxd4
Bd7 9. Nxc6 Bxc6 10. Bf4 a6 11. e5 dxe5 12. Bxc6+ bxc6 13. Bxe5 O-O 14. Qe2 Nd5
15. Na4 f6 16. Bd4 e5 17. Be3 Qa5 18. b3 Rfd8 19. Rad1 Qc7 20. c4 Nxe3 21. Qxe3
Bf8 22. Qe4 a5 23. g4 Rab8 24. h3 h6 25. Kg2 Rbc8 26. Nc3 Bb4 27. Ne2 Qf7 28.
Ng3 Qe6 29. h4 Bc5 30. h5 Rd4 31. Rxd4 Bxd4 32. Qg6 Qf7 33. Nf5 Qxg6 34. hxg6
Kf8 35. Kf3 Rd8 36. Rd1 c5 37. Ke4 Ra8 38. f3 Ra7 39. Kd5 Rd7+ 40. Kc6 Rd8 41.
Kb6 Ra8 42. Kb7 Rd8 43. a3 Rd7+ 44. Kc6 Rd8 45. Kc7 Ra8 46. Rb1 Ra6 47. b4 cxb4
48. axb4 a4 49. b5 Ra7+ 50. Kc6 a3 51. b6 Ra4 52. Nxd4 a2 53. Ra1 Rxc4+ 54. Kb5
Rxd4 55. b7 Rd8 56. Rxa2 1-0

[Event "Chess24 Banter Blitz Cup"]
[Site "chess24.com INT"]
[Date "2019.12.20"]
[Round "2.4"]
[White "Movsesian, Sergei"]
[Black "Hammer, Jon Ludvig"]
[Result "1/2-1/2"]
[WhiteTitle "GM"]
[BlackTitle "GM"]
[WhiteElo "2654"]
[BlackElo "2635"]
[WhiteFideId "310204"]
[BlackFideId "1503707"]
[EventDate "2019.09.25"]
[EventType "blitz"]

1. e4 e5 2. Nf3 Nf6 3. d4 Nxe4 4. Bd3 d5 5. Nxe5 Nd7 6. Nxd7 Bxd7 7. O-O Be7 8.
Nc3 Nxc3 9. bxc3 c6 10. Qh5 Be6 11. Re1 Qd7 12. Bf4 O-O-O 13. Rab1 g6 14. Qf3
Bd6 15. Be5 Bxe5 16. Rxe5 Rhe8 17. Rbe1 Bg4 18. Qf6 Rxe5 19. Rxe5 Be6 20. h4 Qc7
21. h5 gxh5 22. Rxh5 Qa5 23. Rxh7 Qxc3 24. Kh2 Qe1 25. Bf5 Rd7 26. Bxe6 Qxe6 27.
Qxe6 fxe6 28. Rxd7 Kxd7 29. g4 b6 30. Kg3 c5 31. c3 cxd4 32. cxd4 b5 33. Kf4 b4
34. Ke3 a5 35. f4 a4 36. Kd3 Ke7 37. g5 Kf7 38. Kd2 Kg6 39. Kd3 Kf5 40. Kd2 Kg6
41. Kd3 Kf5 42. Kd2 Kg6 1/2-1/2